000 01155cam a2200277 4500
001 X124490
008 031127n2003 000 0 eng u
035 _a(Sirsi) u124490
100 _aJansen, M.
245 _aGetting the measure of market value
260 _c2003
490 _aProperty Week
_v68(43) 31 October 2003, 38-39(2)
520 _aReports that delegates at the RICS valuation conference, will be facing three big issues to debate: the meaning of market value, the new International Accounting Standards (IAS) and complying with the Carsberg rules. Article concludes that although IAS will not be adopted by listed companies until 2005, the changes are likely to complicate the job of valuers working on leasehold properties.
590 _aABS
650 _aCARSBERG RECOMMENDATIONS
650 _aINTERNATIONAL ACCOUNTING STANDARDS
650 _aMARKET VALUE
650 _aLISTED COMPANIES
650 _aVALUERS
650 _aVALUERS REPORT
650 _aRICS APPRAISAL AND VALUATION MANUAL
650 _aLEASEHOLD PROPERTIES
650 _aMONITORING
690 _aPROPERTY-PROPERTY APPRAISAL AND VALUATION
942 _n0
999 _c73873
_d73873